[Event "GER-ch U16"]
[Site "Willingen"]
[Date "2008.05.16"]
[Round "8"]
[White "Mueller, Denis"]
[Black "Loehrke, Michael"]
[Result "1/2-1/2"]
[WhiteElo "1915"]
[BlackElo "1832"]
[PlyCount "57"]
[EventDate "2008.05.11"]
[EventType "swiss"]
[EventRounds "9"]
[EventCountry "GER"]
[SourceTitle "CBM 124 Extra"]
[Source "ChessBase"]
[SourceDate "2008.07.03"]
[SourceVersion "1"]
[SourceVersionDate "2008.07.03"]
[SourceQuality "1"]

1. e4 e6 2. d3 d5 3. Nd2 Nf6 4. Ngf3 dxe4 5. dxe4 b6 6. Bb5+ c6 7. Bc4 Ba6 8. Qe2 Qc8 9. 0-0 Be7 10. Rd1 0-0 11. b3 Rd8 12. Bb2 Qb7 13. Ne5 Bxc4 14. Ndxc4 Nbd7 15. Nd6 Bxd6 16. Rxd6 Nxe5 17. Rxd8+ Rxd8 18. Bxe5 Qd7 19. Bc3 c5 20. Kf1 Kf8 21. Ke1 Ke7 22. f3 Qc7 23. g3 e5 24. Rd1 Rxd1+ 25. Qxd1 Qd6 26. Qxd6+ Kxd6 27. f4 Nd7 28. Ke2 f6 29. f5 1/2-1/2

[Event "GER-ch U16"]
[Site "Willingen"]
[Date "2008.05.11"]
[Round "1"]
[White "Tkachuk, Konstantyn"]
[Black "Loehrke, Michael"]
[Result "1-0"]
[WhiteElo "2145"]
[BlackElo "1832"]
[PlyCount "85"]
[EventDate "2008.05.11"]
[EventType "swiss"]
[EventRounds "9"]
[EventCountry "GER"]
[SourceTitle "CBM 124 Extra"]
[Source "ChessBase"]
[SourceDate "2008.07.03"]
[SourceVersion "1"]
[SourceVersionDate "2008.07.03"]
[SourceQuality "1"]

1. e4 e6 2. d4 d5 3. exd5 exd5 4. Nf3 Nc6 5. Bb5 Bd6 6. c4 dxc4 7. d5 a6 8. Ba4 b5 9. dxc6 bxa4 10. 0-0 Ne7 11. Qxa4 0-0 12. Nbd2 c3 13. bxc3 Qe8 14. Nd4 Bb7 15. Re1 Bxc6 16. Nxc6 Qxc6 17. Qxc6 Nxc6 18. Nc4 Rfe8 19. Bg5 Be7 20. Bxe7 Rxe7 21. Rxe7 Nxe7 22. Rd1 Kf8 23. Rd7 c6 24. Nd6 f6 25. g3 Nd5 26. c4 Nc3 27. a3 a5 28. Rf7+ Kg8 29. Rc7 Nb1 30. Rxc6 Nxa3 31. c5 Kf8 32. Rc7 a4 33. c6 Nb5 34. Nxb5 a3 35. Nxa3 Rxa3 36. Rd7 Ke8 37. Rxg7 Rc3 38. c7 h6 39. Rh7 h5 40. Rh8+ Kd7 41. c8Q+ Rxc8 42. Rxc8 Kxc8 43. Kg2 1-0

[Event "NRW-ch U16"]
[Site "Kranenburg"]
[Date "2008.03.27"]
[Round "5"]
[White "Loehrke, Michael"]
[Black "Gottkehaskamp, Philipp"]
[Result "1/2-1/2"]
[WhiteElo "1696"]
[BlackElo "1704"]
[PlyCount "119"]
[EventDate "2008.03.24"]
[EventType "swiss"]
[EventRounds "7"]
[EventCountry "GER"]
[SourceTitle "EXT 2009"]
[Source "ChessBase"]
[SourceDate "2008.11.26"]
[SourceVersion "1"]
[SourceVersionDate "2008.11.26"]
[SourceQuality "1"]

1. d4 d5 2. Nf3 Nc6 3. Bf4 Bg4 4. c4 e6 5. Nc3 Bb4 6. e3 Nf6 7. Be2 Ne4 8. Qc2 0-0 9. 0-0 Bxc3 10. bxc3 Bf5 11. Bd3 g5 12. cxd5 exd5 13. Nxg5 Nxg5 14. Bxf5 Kh8 15. Bxg5 Qxg5 16. f4 Qf6 17. Bxh7 Kg7 18. Qf5 Qh6 19. Rf3 Rh8 20. Qg4+ Kf8 21. Rh3 Qd6 22. Bf5 Rxh3 23. Qxh3 Re8 24. Bd7 Re4 25. Re1 Qa3 26. Qh8+ Ke7 27. Bf5 Qxc3 28. Qh4+ f6 29. Bxe4 dxe4 30. Qf2 Nb4 31. Re2 Nd3 32. Rc2 Qb4 33. Qf1 c6 34. Qd1 a5 35. Rd2 a4 36. Kf1 Qb5 37. Kg1 a3 38. Qc2 Qb2 39. Kf1 Qb5 40. Kg1 Qb2 41. d5 c5 42. h4 f5 43. h5 c4 44. h6 Qb6 45. Re2 Qxh6 46. Qxc4 Qb6 47. Qd4 Qxd4 48. exd4 Kd6 49. g4 Nxf4 50. Re3 fxg4 51. Rxe4 Nxd5 52. Rxg4 Nc3 53. Kf2 b5 54. Ke3 Nxa2 55. Kd2 b4 56. Kc2 Nc3 57. Kb3 a2 58. Rg1 Kd5 59. Kxb4 Nb1 60. Rg5+ 1/2-1/2

[Event "NRW U14 op"]
[Site "Olpe"]
[Date "2005.10.03"]
[Round "5.9"]
[White "Bock, Lukas"]
[Black "Loehrke, Michael"]
[Result "0-1"]
[WhiteElo "1298"]
[BlackElo "1452"]
[PlyCount "74"]
[EventDate "2005.10.01"]
[EventType "swiss"]
[EventRounds "7"]
[EventCountry "GER"]
[SourceTitle "CBM 108 Extra"]
[Source "ChessBase"]
[SourceDate "2005.11.04"]
[SourceVersion "1"]
[SourceVersionDate "2005.11.04"]
[SourceQuality "1"]

1. e4 c5 2. c3 Nc6 3. Nf3 g6 4. d4 cxd4 5. cxd4 d6 6. Nc3 Bg4 7. Be2 Bg7 8. Be3 Qb6 9. Qd2 Bxf3 10. Bxf3 Bxd4 11. Bxd4 Qxd4 12. Qxd4 Nxd4 13. Bd1 Nf6 14. 0-0 0-0 15. Ne2 Nxe2+ 16. Bxe2 Nxe4 17. Rfe1 e6 18. Bf3 Nc5 19. b4 Nd3 20. Red1 Nxb4 21. Rxd6 Rab8 22. Rd7 Rfd8 23. Rxb7 Rxb7 24. Bxb7 Rd2 25. a3 Ra2 26. Rxa2 Nxa2 27. Kf1 Kg7 28. Ke2 Kf6 29. Ke3 Nc3 30. f3 Nb5 31. a4 Nc3 32. Bc6 Ke5 33. Kd3 Nd5 34. Be8 Kd6 35. Bxf7 Ke7 36. Bg8 Nf6 37. Bxh7 Nxh7 0-1

[Event "NRW U14 op"]
[Site "Olpe"]
[Date "2005.10.01"]
[Round "1.10"]
[White "Begri, Felix"]
[Black "Loehrke, Michael"]
[Result "0-1"]
[WhiteElo "981"]
[BlackElo "1452"]
[PlyCount "50"]
[EventDate "2005.10.01"]
[EventType "swiss"]
[EventRounds "7"]
[EventCountry "GER"]
[SourceTitle "CBM 108 Extra"]
[Source "ChessBase"]
[SourceDate "2005.11.04"]
[SourceVersion "1"]
[SourceVersionDate "2005.11.04"]
[SourceQuality "1"]

1. d4 Nf6 2. Nf3 e6 3. Bf4 b6 4. e3 Bb7 5. Nbd2 c5 6. c3 d6 7. Bd3 Nbd7 8. Qc2 Rc8 9. Rc1 cxd4 10. exd4 Nd5 11. Bg3 Nb4 12. Qb1 Nxd3+ 13. Qxd3 f5 14. 0-0 Nf6 15. Rfe1 Ne4 16. Bf4 g5 17. Bg3 g4 18. Nh4 Be7 19. Nxf5 exf5 20. Nxe4 Bxe4 21. Qb5+ Qd7 22. Qxd7+ Kxd7 23. h3 Bg5 24. Rcd1 Bc2 25. Ra1 f4 0-1

[Event "NRW U14 op"]
[Site "Olpe"]
[Date "2005.10.01"]
[Round "2.10"]
[White "Loehrke, Michael"]
[Black "Groemping, Carolin"]
[Result "0-1"]
[WhiteElo "1452"]
[BlackElo "1211"]
[PlyCount "74"]
[EventDate "2005.10.01"]
[EventType "swiss"]
[EventRounds "7"]
[EventCountry "GER"]
[SourceTitle "CBM 108 Extra"]
[Source "ChessBase"]
[SourceDate "2005.11.04"]
[SourceVersion "1"]
[SourceVersionDate "2005.11.04"]
[SourceQuality "1"]

1. c4 e5 2. Nc3 Nc6 3. g3 d6 4. Bg2 Bd7 5. d3 Nf6 6. Bg5 h6 7. Bxf6 Qxf6 8. Nd5 Qd8 9. e3 Rb8 10. Ne2 Ne7 11. 0-0 Nxd5 12. Bxd5 Be7 13. f4 0-0 14. fxe5 dxe5 15. Nc3 c6 16. Bg2 Qb6 17. Qe2 Bg5 18. Rae1 f5 19. Bh3 Rbd8 20. Kh1 f4 21. Bxd7 Rxd7 22. exf4 exf4 23. gxf4 Re7 24. Ne4 Bh4 25. Rd1 Qc7 26. Qg4 Bf6 27. Nxf6+ Rxf6 28. Rf2 Qd6 29. d4 Rg6 30. Qf3 Rge6 31. Rfd2 Re1+ 32. Rxe1 Rxe1+ 33. Kg2 Qg6+ 34. Qg3 Qe4+ 35. Kf2 Rc1 36. b3 Qe1+ 37. Kf3 Rc3+ 0-1